[Event "7. LGA Premium Cup"]
[Site "Nürnberg"]
[Date "2010.09.02"]
[Round "1.1"]
[White "Hector, Jonny"]
[Black "Saathoff, Richard"]
[Result "1-0"]
[WhiteElo "2592"]
[BlackElo "2152"]
[PlyCount "42"]
[EventDate "2010.??.??"]
[WhiteTeam "Schachklub Turm Emsdetten e.V."]
[BlackTeam "SW Nürnberg Süd e.V."]

1. e4 e5 2. Nf3 Nc6 3. Bc4 Nf6 4. d4 exd4 5. O-O Nxe4 6. Re1 d5 7. Bxd5 Qxd5 8.
Nc3 Qh5 9. Nxe4 Be6 10. Bg5 Bd6 11. Nxd6+ cxd6 12. Bf4 Qd5 13. c3 Kd7 14. Nxd4
Nxd4 15. cxd4 Rhc8 16. Qa4+ b5 17. Qa3 Rc4 18. Be3 Ra4 19. Qd3 Qf5 20. Qxf5
Bxf5 21. b3 Rc8 1-0

[Event "7. LGA Premium Cup"]
[Site "Nürnberg"]
[Date "2010.09.02"]
[Round "1.2"]
[White "Mihok, Laszlo"]
[Black "Bluvshtein, Mark"]
[Result "0-1"]
[WhiteElo "2151"]
[BlackElo "2583"]
[PlyCount "80"]
[EventDate "2010.??.??"]
[WhiteTeam "SK Tempelhof 1931 e.V."]
[BlackTeam "Canada"]
[BlackTeamCountry "CAN"]

1. d4 Nf6 2. Bg5 d5 3. Bxf6 exf6 4. e3 Bd6 5. Bd3 f5 6. Qf3 g6 7. Nd2 c6 8. Ne2
Nd7 9. c4 dxc4 10. Nxc4 Bb4+ 11. Nc3 Nc5 12. Bc2 Be6 13. Nd2 Nd7 14. O-O O-O
15. Rfd1 Nf6 16. Bb3 Qe7 17. Rac1 Rad8 18. a3 Bd6 19. Bxe6 Qxe6 20. h3 Rfe8 21.
Na4 f4 22. exf4 Qf5 23. Nc5 Qxf4 24. g3 Qxf3 25. Nxf3 Re7 26. Kf1 Kg7 27. Re1
Rde8 28. Rxe7 Rxe7 29. Nd3 Ne4 30. Rc2 f6 31. b4 g5 32. a4 a6 33. g4 Kf7 34. h4
h6 35. h5 Ke6 36. Kg2 Kd5 37. Kf1 Bb8 38. Kg2 Ba7 39. Kf1 Bxd4 40. b5 c5 0-1

[Event "7. LGA Premium Cup"]
[Site "Nürnberg"]
[Date "2010.09.02"]
[Round "1.3"]
[White "Ftacnik, Lubomir"]
[Black "Herning, Jens"]
[Result "1-0"]
[WhiteElo "2568"]
[BlackElo "2151"]
[PlyCount "55"]
[EventDate "2010.??.??"]
[WhiteTeam "Hamburger SK von 1830 eV"]
[BlackTeam "SG Büchenbach/Roth e.V."]

1. Nf3 d5 2. d4 Nf6 3. c4 c6 4. e3 e6 5. Bd3 dxc4 6. Bxc4 b5 7. Bd3 a6 8. a4
Bb7 9. e4 Be7 10. O-O O-O 11. Qc2 h6 12. Qe2 c5 13. e5 c4 14. Bc2 Nfd7 15. Nc3
b4 16. Nd1 a5 17. Ne3 Nb6 18. Rd1 Qc7 19. d5 exd5 20. Nf5 Re8 21. N3d4 Bf8 22.
Qg4 g6 23. e6 h5 24. Qg5 Bc8 25. Bf4 Qb7 26. Qf6 gxf5 27. Be5 fxe6 28. Qh8+ 1-0

[Event "7. LGA Premium Cup"]
[Site "Nürnberg"]
[Date "2010.09.02"]
[Round "1.4"]
[White "Bauer, Manfred"]
[Black "Buhmann, Rainer"]
[Result "0-1"]
[WhiteElo "2148"]
[BlackElo "2563"]
[PlyCount "60"]
[EventDate "2010.??.??"]
[WhiteTeam "SK Schmiden/Cannstatt"]
[BlackTeam "SV Hockenheim"]

1. e4 e5 2. d4 exd4 3. f4 d5 4. e5 c5 5. Nf3 Nc6 6. b3 Nh6 7. Bd3 Be7 8. O-O
Nf5 9. Qe2 h5 10. a3 Be6 11. Re1 Qb6 12. Kh1 h4 13. Nbd2 O-O-O 14. Nf1 Kb8 15.
Bd2 g6 16. Reb1 Qc7 17. b4 h3 18. g4 Nh4 19. Nxh4 c4 20. b5 cxd3 21. cxd3 Rxh4
22. bxc6 Qxc6 23. Rc1 Bxg4 24. Qf2 Qd7 25. Ba5 Rc8 26. Nd2 Rhh8 27. Nb3 Qa4 28.
Rcb1 Bh4 29. Qb2 Bf3+ 30. Kg1 Qd7 0-1

[Event "7. LGA Premium Cup"]
[Site "Nürnberg"]
[Date "2010.09.02"]
[Round "1.5"]
[White "Milov, Leonid"]
[Black "Lodes, Hermann"]
[Result "1-0"]
[WhiteElo "2561"]
[BlackElo "2144"]
[PlyCount "121"]
[EventDate "2010.??.??"]
[WhiteTeam "SC Noris-Tarrasch Nürnberg 1873"]

1. e4 {[%emt 0:00:00]} c6 {[%emt 0:00:01]} 2. d4 {[%emt 0:00:00]} d5 {[%emt 0:
00:01]} 3. Nd2 {[%emt 0:00:08]} dxe4 {[%emt 0:00:05]} 4. Nxe4 {[%emt 0:00:02]}
Bf5 {[%emt 0:00:04]} 5. Ng3 {[%emt 0:00:03]} Bg6 {[%emt 0:00:04]} 6. h4 {[%emt
0:00:00]} h6 {[%emt 0:00:03]} 7. Nh3 {[%emt 0:00:05]} e6 {[%emt 0:00:05]} 8.
Nf4 {[%emt 0:00:03]} Bh7 {[%emt 0:00:20]} 9. c3 {[%emt 0:00:04]} Nf6 {[%emt 0:
00:03]} 10. Bc4 {[%emt 0:00:00]} Bd6 {[%emt 0:00:02]} 11. Nfh5 {[%emt 0:00:13]}
Rg8 {[%emt 0:00:04]} 12. Bd3 {[%emt 0:00:05]} Bxd3 {[%emt 0:00:00]} 13. Nxf6+ {
[%emt 0:00:03]} Qxf6 {[%emt 0:00:00]} 14. Qxd3 {[%emt 0:00:04]} Bxg3 {[%emt 0:
00:13]} 15. Qxg3 {[%emt 0:00:03]} Na6 {[%emt 0:00:03]} 16. O-O {[%emt 0:00:07]}
O-O-O {[%emt 0:00:01]} 17. b4 {[%emt 0:00:05]} g5 {[%emt 0:00:00]} 18. h5 {
[%emt 0:00:10]} Nc7 {[%emt 0:00:08]} 19. a4 {[%emt 0:00:06]} Nd5 {[%emt 0:00:
05]} 20. Re1 {[%emt 0:00:04]} Qf5 {[%emt 0:00:03]} 21. b5 {[%emt 0:00:06]} Qc2
{[%emt 0:00:00]} 22. Ra3 {[%emt 0:00:01]} Ne7 {[%emt 0:00:04]} 23. Qf3 {[%emt
0:00:04]} Qf5 {[%emt 0:00:04]} 24. Qe2 {[%emt 0:00:13]} Qd5 {[%emt 0:00:10]}
25. Ra1 {[%emt 0:00:05]} Nf5 {[%emt 0:00:00]} 26. Qf1 {[%emt 0:00:03]} Qd7 {
[%emt 0:00:16]} 27. Rb1 {[%emt 0:00:03]} Ng7 {[%emt 0:00:06]} 28. Re5 {[%emt 0:
00:04]} Kb8 {[%emt 0:00:05]} 29. Qe2 {[%emt 0:00:10]} Nf5 {[%emt 0:00:00]} 30.
Rc5 {[%emt 0:00:04]} cxb5 {[%emt 0:00:07]} 31. Rcxb5 {[%emt 0:00:02]} Nd6 {
[%emt 0:00:07]} 32. R5b4 {[%emt 0:00:50]} Ka8 {[%emt 0:00:12]} 33. c4 {[%emt 0:
00:13]} Rb8 {[%emt 0:00:00]} 34. Be3 {[%emt 0:00:07]} Nf5 {[%emt 0:00:11]} 35.
Qb2 Rgc8 36. a5 a6 37. Qb3 Qc7 38. d5 Nxe3 39. Qxe3 exd5 40. cxd5 Qxa5 41. d6
Qd8 42. Qf3 Qd7 43. Qf6 Rc6 44. Rb6 Rxb6 45. Rxb6 Re8 46. Rb1 Re6 47. Qh8+ Ka7
48. Qd4+ Ka8 49. Rd1 Kb8 50. Qb6 Ka8 51. Qc5 Rf6 52. Qe5 Re6 53. Qh8+ Ka7 54.
Qc3 Kb8 55. Qd4 f5 56. Qh8+ Ka7 57. Qf8 Kb6 58. Kh2 Ka7 59. Qxf5 Ka8 60. Qxe6
Qxe6 61. d7 1-0

[Event "7. LGA Premium Cup"]
[Site "Nürnberg"]
[Date "2010.09.02"]
[Round "1.6"]
[White "Zier, Oliver"]
[Black "Bischoff, Klaus"]
[Result "0-1"]
[WhiteElo "2139"]
[BlackElo "2553"]
[PlyCount "102"]
[EventDate "2010.??.??"]
[WhiteTeam "TSV Bindlach Aktionär-Schachabte"]
[BlackTeam "Sportfreunde Katernberg 1913 e.V"]

1. d4 Nf6 2. c4 e6 3. Nc3 Bb4 4. Bg5 h6 5. Bh4 c5 6. d5 Bxc3+ 7. bxc3 e5 8. e3
d6 9. Qc2 Qe7 10. Nf3 g5 11. Bg3 Nh5 12. Bd3 Ng7 13. Nd2 f5 14. O-O O-O 15. f4
e4 16. Be2 Nd7 17. a4 Nf6 18. a5 Bd7 19. Kf2 Be8 20. Ke1 Bh5 21. Qd1 Rf7 22.
Nb1 Qd7 23. Kd2 Bxe2 24. Qxe2 Ngh5 25. Na3 Rg7 26. Nb5 a6 27. Na3 Kh7 28. Nc2
Rag8 29. Ne1 Ng4 30. Rb1 gxf4 31. Bxf4 Nxf4 32. Rxf4 Nxh2 33. Qh5 Ng4 34. Rxf5
Re7 35. Rb6 Rgg7 36. Rf4 Re5 37. Qh4 Reg5 38. Rxe4 Ne5 39. Rxe5 Rxe5 40. Qf6
Rg6 41. Qf8 Re7 42. Qb8 Qf5 43. Rxb7 Qf2+ 44. Kd1 Qxe3 45. Rxe7+ Qxe7 46. Qc8
Rg3 47. Qxa6 Re3 48. Nc2 Rxc3 49. Qc8 Qf7 50. Qe6 Qxe6 51. dxe6 Kg6 0-1

[Event "7. LGA Premium Cup"]
[Site "Nürnberg"]
[Date "2010.09.02"]
[Round "1.7"]
[White "Baramidze, David"]
[Black "Willim, Michael"]
[Result "1-0"]
[WhiteElo "2542"]
[BlackElo "2134"]
[PlyCount "45"]
[EventDate "2010.??.??"]
[WhiteTeam "Hamburger SK von 1830 eV"]
[BlackTeam "SC Erlangen 48/88"]

1. Nf3 {[%emt 0:00:00]} Nf6 2. c4 c5 3. g3 b6 4. Bg2 Bb7 5. O-O e6 6. b3 d6 7.
Bb2 Be7 8. e3 O-O 9. Qe2 Nbd7 10. Ne1 Bxg2 11. Nxg2 d5 12. f4 Qc7 13. g4 Rad8
14. g5 Ne4 15. d3 Nd6 16. cxd5 exd5 17. Nc3 Qb7 18. Qf3 d4 19. Nd5 Rfe8 20. e4
Qb8 21. Qg4 Kh8 22. Rf3 Qc8 23. Qh4 1-0

[Event "7. LGA Premium Cup"]
[Site "Nürnberg"]
[Date "2010.09.02"]
[Round "1.8"]
[White "Schupp, Uwe"]
[Black "Bindrich, Falko"]
[Result "0-1"]
[WhiteElo "2133"]
[BlackElo "2507"]
[PlyCount "52"]
[EventDate "2010.??.??"]
[WhiteTeam "SC Bad Nauheim"]
[BlackTeam "SC Eppingen"]

1. c4 e5 2. g3 Nf6 3. Bg2 Nc6 4. Nc3 Bb4 5. Nf3 O-O 6. O-O Re8 7. d3 Bxc3 8.
bxc3 e4 9. Ne1 d5 10. cxd5 Qxd5 11. Nc2 Qh5 12. Ne3 Bh3 13. d4 Rad8 14. Qc2 Ne7
15. Re1 Ned5 16. Bh1 Nxe3 17. Bxe3 Ng4 18. Qd2 Rd6 19. f3 exf3 20. exf3 Nxe3
21. Rxe3 Rxe3 22. Qxe3 Re6 23. Qd2 h6 24. Re1 Qa5 25. f4 c6 26. Re5 Rxe5 0-1

[Event "7. LGA Premium Cup"]
[Site "Nürnberg"]
[Date "2010.09.02"]
[Round "1.9"]
[White "Braun, Arik"]
[Black "Dünzel, Jonas"]
[Result "1-0"]
[WhiteElo "2538"]
[BlackElo "2117"]
[PlyCount "75"]
[EventDate "2010.??.??"]
[WhiteTeam "SC Eppingen"]
[BlackTeam "Schachclub 90 Niesky"]

1. d4 Nf6 2. c4 e6 3. Nf3 b6 4. g3 Bb7 5. Bg2 d5 6. cxd5 Nxd5 7. O-O Be7 8.
Qa4+ Qd7 9. Qb3 O-O 10. Ne5 Qc8 11. e4 Nf6 12. Nc3 Rd8 13. Rd1 Nbd7 14. Nxd7
Qxd7 15. Bf4 c6 16. a4 Rac8 17. a5 b5 18. a6 Ba8 19. Bg5 h6 20. Bxf6 Bxf6 21.
e5 Be7 22. Ne4 Qc7 23. Qc3 Qb6 24. b4 Rc7 25. Nc5 Rcc8 26. Rd2 Rb8 27. h4 Qc7
28. Raa2 Rb6 29. h5 Qc8 30. Be4 Rf8 31. Bb1 f5 32. Qb3 Bxc5 33. dxc5 Rxa6 34.
Rxa6 Qxa6 35. Qxe6+ Kh8 36. Bxf5 Qa1+ 37. Kg2 Qc3 38. Qg6 1-0

[Event "7. LGA Premium Cup"]
[Site "Nürnberg"]
[Date "2010.09.02"]
[Round "1.10"]
[White "Nuding, Matthias"]
[Black "Kunin, Vitaly"]
[Result "0-1"]
[WhiteElo "2130"]
[BlackElo "2538"]
[PlyCount "56"]
[EventDate "2010.??.??"]
[WhiteTeam "SW Nürnberg Süd e.V."]
[BlackTeam "Freibauer Mörlenbach-Birkenau"]

1. d4 d5 2. Nf3 Nf6 3. g3 c6 4. Bg2 Bf5 5. O-O h6 6. c4 dxc4 7. Ne5 e6 8. Nc3
Be7 9. Nxc4 Bh7 10. Qb3 b6 11. Ne5 Nd5 12. e4 Nxc3 13. bxc3 O-O 14. d5 Qc7 15.
Ng4 e5 16. f4 cxd5 17. exd5 e4 18. f5 Nd7 19. Bxe4 Nc5 20. Qc2 Nxe4 21. Qxe4
Qxc3 22. Bf4 Bc5+ 23. Kh1 Rfe8 24. Be5 h5 25. Qf4 Qb4 26. Nf2 Qxf4 27. Bxf4
Bxf5 28. Rad1 Re2 0-1

[Event "7. LGA Premium Cup"]
[Site "Nürnberg"]
[Date "2010.09.02"]
[Round "1.11"]
[White "Bromberger, Stefan"]
[Black "Hund, Gerhard"]
[Result "1-0"]
[WhiteElo "2530"]
[BlackElo "2119"]
[PlyCount "69"]
[EventDate "2010.??.??"]
[WhiteTeam "FC Bayern München e.V."]
[BlackTeam "SK Mering"]

1. d4 d5 2. c4 e6 3. Nf3 Nf6 4. Nc3 Nbd7 5. Bg5 c6 6. e3 Qa5 7. cxd5 exd5 8.
Bd3 Be7 9. Qc2 O-O 10. Bxh7+ Nxh7 11. Bxe7 Re8 12. Bd6 c5 13. O-O c4 14. b3 Qa6
15. Bg3 Ndf6 16. Ne5 Be6 17. bxc4 dxc4 18. e4 Rac8 19. d5 Bd7 20. Rab1 Nf8 21.
h3 Nh5 22. Bh2 Rc5 23. Qd1 Nf6 24. Qd4 Rec8 25. Nf3 b5 26. e5 b4 27. Rxb4 Qa5
28. exf6 Qxb4 29. fxg7 Rxd5 30. gxf8=R+ Qxf8 31. Ne4 Bf5 32. Nf6+ Kh8 33. Qh4+
Kg7 34. Be5 Qe7 35. Ne8+ 1-0

[Event "7. LGA Premium Cup"]
[Site "Nürnberg"]
[Date "2010.09.02"]
[Round "1.12"]
[White "Osmanovic, Faruk"]
[Black "Ginsburg, Gennadi"]
[Result "0-1"]
[WhiteElo "2118"]
[BlackElo "2526"]
[PlyCount "84"]
[EventDate "2010.??.??"]
[WhiteTeam "SC Blau.Turm Bad Wimpfen"]
[BlackTeam "SV 1920 Hofheim"]

1. e4 c5 2. Nf3 d6 3. d4 cxd4 4. Nxd4 Nf6 5. Nc3 a6 6. f4 e5 7. Nf3 Qc7 8. a4
Be7 9. Bd3 O-O 10. O-O Nbd7 11. Kh1 b6 12. Qe1 Bb7 13. Bd2 Rfe8 14. Qf2 Nc5 15.
Qe2 d5 16. Nxe5 d4 17. Nd5 Nxd5 18. exd5 Nxd3 19. Qxd3 Qc5 20. c4 dxc3 21. Rac1
Qxd5 22. Qxd5 Bxd5 23. Bxc3 Rad8 24. a5 f6 25. Nf3 b5 26. b4 Bd6 27. Nd4 Re4
28. Rce1 Rc8 29. Nf5 Bf8 30. Bd2 Rc2 31. Rd1 Re2 32. Ne3 Bxg2+ 33. Nxg2 Rcxd2
34. Rxd2 Rxd2 35. Rb1 Bxb4 36. Rxb4 Rd1+ 37. Ne1 Rxe1+ 38. Kg2 Ra1 39. Rd4 Rxa5
40. Rd7 b4 41. Kf3 b3 42. Rd1 Rb5 0-1

[Event "7. LGA Premium Cup"]
[Site "Nürnberg"]
[Date "2010.09.02"]
[Round "1.13"]
[White "Prusikin, Michael"]
[Black "Miller, Eduard"]
[Result "1-0"]
[WhiteElo "2522"]
[BlackElo "2110"]
[PlyCount "35"]
[EventDate "2010.??.??"]
[WhiteTeam "SC Forchheim e.V."]
[BlackTeam "SC Forchheim e.V."]

1. d4 d5 2. c4 c6 3. e3 Bf5 4. cxd5 cxd5 5. Qb3 Qc7 6. Bb5+ Nd7 7. Bd2 e6 8.
Nf3 Ngf6 9. O-O Bd6 10. Rc1 Qd8 11. Bb4 Bxb4 12. Qxb4 Qb6 13. Ne5 a6 14. Nc3
axb5 15. Nxb5 Bg6 16. a4 Qa5 17. Rc8+ Rxc8 18. Nd6+ 1-0

[Event "7. LGA Premium Cup"]
[Site "Nürnberg"]
[Date "2010.09.02"]
[Round "1.14"]
[White "Krauß, Josef"]
[Black "Hoffmann, Michael"]
[Result "0-1"]
[WhiteElo "2105"]
[BlackElo "2510"]
[PlyCount "90"]
[EventDate "2010.??.??"]
[WhiteTeam "SV Würzburg von 1865 e.V."]
[BlackTeam "Schachgesellschaft Solingen e.V."]

1. e4 c5 2. c3 Nf6 3. e5 Nd5 4. d4 cxd4 5. cxd4 d6 6. Nf3 e6 7. Bc4 Nb6 8. Bd3
dxe5 9. dxe5 Na6 10. Qe2 Nc5 11. Bc2 Nd5 12. O-O Bd7 13. Bd2 Qb6 14. a4 Nb4 15.
Bxb4 Qxb4 16. Nc3 Qxb2 17. Nb5 Bxb5 18. axb5 Be7 19. Rfd1 g6 20. h4 O-O 21. h5
Rfd8 22. Rxd8+ Bxd8 23. Rd1 Be7 24. Qc4 a6 25. Rd2 Qxb5 26. Qg4 Qe8 27. Rd4 Rd8
28. Rf4 Nd3 29. Bxd3 Rxd3 30. Ng5 Bxg5 31. Qxg5 Qd8 32. Rf6 Kg7 33. Qf4 Rd7 34.
Qf3 a5 35. Rf4 Qg5 36. Rc4 Qxe5 37. Rh4 g5 38. h6+ Kg6 39. Qh5+ Kf6 40. Rh3 Rd4
41. Re3 Qd6 42. g3 g4 43. Re1 Qd5 44. Qh4+ Kg6 45. Kh2 Qg5 0-1

[Event "7. LGA Premium Cup"]
[Site "Nürnberg"]
[Date "2010.09.02"]
[Round "1.15"]
[White "Henrichs, Thomas"]
[Black "Redzepovic, Irfan"]
[Result "1/2-1/2"]
[WhiteElo "2507"]
[BlackElo "2102"]
[PlyCount "107"]
[EventDate "2010.??.??"]
[WhiteTeam "Schachclub Hansa Dortmund e.V."]
[BlackTeam "SW Nürnberg Süd e.V."]

1. d4 d5 2. c4 c6 3. Nf3 Nf6 4. Nc3 e6 5. Bg5 Nbd7 6. cxd5 exd5 7. e3 Be7 8.
Qc2 Nh5 9. Bxe7 Qxe7 10. O-O-O Nhf6 11. Bd3 O-O 12. g4 Re8 13. Rhg1 Nf8 14. g5
N6d7 15. h4 b6 16. h5 Bb7 17. Kb1 c5 18. g6 fxg6 19. hxg6 h6 20. Bb5 Red8 21.
e4 cxd4 22. Nxd5 Bxd5 23. exd5 Rac8 24. Bc6 Nf6 25. Nxd4 Rc7 26. Nf5 Qe4 27.
Qxe4 Nxe4 28. Rge1 Nxg6 29. Rxe4 Rxc6 30. dxc6 Rxd1+ 31. Kc2 Rd5 32. Nd4 Rc5+
33. Kd2 Kf7 34. b4 Rc4 35. Kd3 b5 36. Nxb5 Rxc6 37. a4 a6 38. Nd4 Rf6 39. f3 h5
40. Ke3 Ne7 {(=)} 41. Re5 g6 42. b5 axb5 43. Rxb5 Ra6 44. a5 Nc8 45. Kf4 Rf6+
46. Ke5 Ra6 47. Rd5 Ne7 48. Rc5 g5 49. Ke4 Kf6 50. Rb5 h4 51. Ke3 Rd6 52. Ke4
Ra6 53. Ke3 Rd6 54. Ke4 1/2-1/2

[Event "7. LGA Premium Cup"]
[Site "Nürnberg"]
[Date "2010.09.02"]
[Round "1.16"]
[White "Hirschinger, Thomas"]
[Black "Boguslavskyy, Oleg"]
[Result "0-1"]
[WhiteElo "2098"]
[BlackElo "2485"]
[PlyCount "106"]
[EventDate "2010.??.??"]
[WhiteTeam "SK Landau"]
[BlackTeam "SV Hockenheim"]

1. Nc3 d5 2. e4 dxe4 3. Nxe4 Nd7 4. Bc4 e6 5. Qe2 Ngf6 6. d3 Nb6 7. Bb3 Bd7 8.
Nf3 Nxe4 9. dxe4 c5 10. Bf4 Be7 11. Rd1 O-O 12. c3 Qe8 13. O-O Ba4 14. Bxa4
Qxa4 15. b3 Qc6 16. Ne5 Qc8 17. Rd3 f6 18. Ng4 Rd8 19. Rg3 Kh8 20. Rh3 Nd7 21.
Rd1 Nf8 22. Rxd8 Qxd8 23. Rd3 Qa5 24. c4 Rd8 25. Rxd8 Qxd8 26. Bd2 Qd4 27. h3
Qb2 28. Qd3 Qxa2 29. Ne3 Qa1+ 30. Kh2 Qe5+ 31. g3 Qd6 32. Qc2 Nd7 33. Bc3 Nb8
34. e5 fxe5 35. Qe4 Nc6 36. Ng4 Bf6 37. f4 exf4 38. Nxf6 fxg3+ 39. Kg2 gxf6 40.
Bxf6+ Kg8 41. Qg4+ Kf7 42. Qg7+ Ke8 43. Qxb7 e5 44. Qg7 Qd3 45. Qg8+ Kd7 46.
Qf7+ Kc8 47. Qf8+ Kb7 48. Qxc5 Qc2+ 49. Kxg3 Qg6+ 50. Kh2 Qxf6 51. b4 Qf4+ 52.
Kh1 Qc1+ 53. Kg2 Qd2+ 0-1

[Event "7. LGA Premium Cup"]
[Site "Nürnberg"]
[Date "2010.09.02"]
[Round "1.17"]
[White "Zaragatski, Ilja"]
[Black "Kregelin, Jan"]
[Result "1-0"]
[WhiteElo "2490"]
[BlackElo "2090"]
[PlyCount "65"]
[EventDate "2010.??.??"]
[WhiteTeam "Sportfreunde Katernberg 1913 e.V"]
[BlackTeam "SC Hoyerswerda"]

1. Nf3 d5 2. g3 Nf6 3. Bg2 Bf5 4. c4 c6 5. cxd5 cxd5 6. Qb3 Qc8 7. O-O e6 8. d3
Be7 9. Nd4 Bg6 10. Nc3 Nc6 11. Nxc6 bxc6 12. Na4 O-O 13. Be3 Nd7 14. Rfc1 Qa6
15. Qd1 Rab8 16. b3 Rfc8 17. Rc2 Ba3 18. Bf4 Rb7 19. Bc1 Bd6 20. Bb2 Rbc7 21.
Rac1 Nb6 22. Nc5 Bxc5 23. Rxc5 Nd7 24. R5c2 c5 25. e4 dxe4 26. dxe4 Nf6 27. f3
Qb6 28. Rc4 Rd7 29. Qe1 Rcd8 30. Ba3 Qa6 31. Ra4 Qd3 32. Bxc5 Bh5 33. Qe3 1-0

[Event "7. LGA Premium Cup"]
[Site "Nürnberg"]
[Date "2010.09.02"]
[Round "1.18"]
[White "Walter, Florian"]
[Black "Mainka, Romuald"]
[Result "0-1"]
[WhiteElo "2019"]
[BlackElo "2483"]
[PlyCount "72"]
[EventDate "2010.??.??"]
[WhiteTeam "SV Lauf a.d.P."]
[BlackTeam "Schachclub Hansa Dortmund e.V."]

1. Nf3 e6 2. c4 b6 3. g3 Bb7 4. Bg2 c5 5. O-O Nf6 6. Nc3 Be7 7. d3 O-O 8. e4
Nc6 9. Re1 Rc8 10. h3 a6 11. Nh2 d6 12. Be3 Nd7 13. f4 Bf6 14. Rb1 Bd4 15. Nf3
Bxe3+ 16. Rxe3 Nd4 17. b4 Nxf3+ 18. Bxf3 cxb4 19. Rxb4 b5 20. Qd2 Qc7 21. Kh2
Ba8 22. Ne2 bxc4 23. Rxc4 Qa7 24. Rxc8 Rxc8 25. d4 h6 26. Rc3 Rd8 27. Qe3 Nf6
28. Ra3 Qb6 29. Qd3 a5 30. Rb3 Qc7 31. h4 d5 32. e5 Ne4 33. Nc3 Qc6 34. Bxe4
dxe4 35. Qe3 Qc4 36. Nxe4 Qd5 0-1

[Event "7. LGA Premium Cup"]
[Site "Nürnberg"]
[Date "2010.09.02"]
[Round "1.19"]
[White "Maiwald, Jens-Uwe"]
[Black "Troyke, Doreen"]
[Result "1/2-1/2"]
[WhiteElo "2483"]
[BlackElo "2078"]
[PlyCount "37"]
[EventDate "2010.??.??"]
[WhiteTeam "USV TU Dresden"]
[BlackTeam "Erfurter Schachklub"]

1. e4 c5 2. Nc3 d6 3. g3 Nc6 4. Bg2 g6 5. Nge2 Bg7 6. d3 e6 7. O-O Nge7 8. Bg5
O-O 9. Qd2 Rb8 10. Rab1 b6 11. a3 Bb7 12. h4 Qd7 13. h5 d5 14. Bh6 d4 15. Nd1
f5 16. Bxg7 Kxg7 17. b4 fxe4 18. dxe4 Ne5 19. Qg5 1/2-1/2

[Event "7. LGA Premium Cup"]
[Site "Nürnberg"]
[Date "2010.09.02"]
[Round "1.20"]
[White "Wiesgickl, Gerhard"]
[Black "Rau, Hannes"]
[Result "0-1"]
[WhiteElo "2076"]
[BlackElo "2464"]
[PlyCount "50"]
[EventDate "2010.??.??"]
[WhiteTeam "SG Siemens Amberg"]
[BlackTeam "SV Hockenheim"]

1. e4 c5 2. Nf3 Nc6 3. d4 cxd4 4. Nxd4 Nf6 5. Nc3 d6 6. Bg5 e6 7. Bb5 Bd7 8.
Qd2 h6 9. Be3 Ng4 10. O-O-O Be7 11. f4 Nxe3 12. Qxe3 O-O 13. Nde2 a6 14. Bd3 b5
15. Ng3 Qa5 16. Kb1 Rfc8 17. Rhg1 Nb4 18. a3 Nxd3 19. Rxd3 b4 20. axb4 Qxb4 21.
Nh5 Rab8 22. Nd1 g6 23. g4 gxh5 24. gxh5+ Kh7 25. f5 Qc5 0-1

[Event "7. LGA Premium Cup"]
[Site "Nürnberg"]
[Date "2010.09.02"]
[Round "1.21"]
[White "Tischbierek, Raj"]
[Black "Fiedler, Wolfgang"]
[Result "1-0"]
[WhiteElo "2451"]
[BlackElo "2073"]
[PlyCount "143"]
[EventDate "2010.??.??"]
[WhiteTeam "FC Bayern München e.V."]
[BlackTeam "SC Forchheim e.V."]

1. e4 g6 2. d4 Bg7 3. Nc3 d6 4. Nf3 Nf6 5. Be2 O-O 6. O-O b6 7. Re1 Ba6 8. Bxa6
Nxa6 9. e5 dxe5 10. Nxe5 e6 11. Bg5 h6 12. Bh4 c5 13. Qe2 Qc8 14. Nb5 Nb4 15.
dxc5 g5 16. Bg3 Qxc5 17. c4 a6 18. Nc3 Qc8 19. h4 Nc6 20. hxg5 hxg5 21. Rad1
Nxe5 22. Bxe5 Rd8 23. Bxf6 Bxf6 24. Ne4 Be7 25. Qh5 Rxd1 26. Rxd1 Qxc4 27. Nxg5
Bxg5 28. Qxg5+ Kf8 29. Rd7 e5 30. Qe7+ Kg8 31. Qg5+ Kf8 32. Qf6 Qc1+ 33. Kh2
Qf4+ 34. Qxf4 exf4 35. Rd6 b5 36. f3 Ke7 37. Rb6 Rh8+ 38. Kg1 Rc8 39. Rxa6 Rc2
40. b3 Rb2 41. Kh2 f5 42. Kh3 Kf7 43. Ra5 Kg6 44. Kh2 b4 45. Ra4 Kg5 46. Rxb4
Rxa2 47. Rb8 Rb2 48. b4 Kg6 49. b5 Kg7 50. Kh3 Rb1 51. Kh4 Kf6 52. Rb6+ Ke5 53.
Kh5 Rb2 54. Rb8 Rxg2 55. b6 Kd6 56. Rf8 Kc6 57. Rxf5 Kxb6 58. Rxf4 Kc7 59. Rd4
Rh2+ 60. Kg5 Rg2+ 61. Kf6 Ra2 62. f4 Ra6+ 63. Ke7 Ra5 64. Rc4+ Kb7 65. Ke6 Ra6+
66. Kf7 Ra5 67. Kg6 Ra6+ 68. Kg5 Ra1 69. f5 Rg1+ 70. Kf6 Rg2 71. Ke7 Re2+ 72.
Kf7 1-0

[Event "7. LGA Premium Cup"]
[Site "Nürnberg"]
[Date "2010.09.02"]
[Round "1.22"]
[White "Sieber, Heiko"]
[Black "Hirneise, Tobias"]
[Result "0-1"]
[WhiteElo "2066"]
[BlackElo "2436"]
[PlyCount "82"]
[EventDate "2010.??.??"]
[WhiteTeam "PTSV SK Hof 1892"]
[BlackTeam "Schachverein Wattenscheid 1930"]

1. d4 Nf6 2. c4 g6 3. Nc3 Bg7 4. Nf3 O-O 5. g3 d6 6. Bg2 Nc6 7. O-O a6 8. Bg5
h6 9. Bd2 e5 10. d5 Nd4 11. Nxd4 exd4 12. Ne4 Re8 13. Nxf6+ Qxf6 14. Qc1 Rxe2
15. Bxh6 Bxh6 16. Qxh6 Rxb2 17. Rae1 Bf5 18. Be4 Bd7 19. Bb1 b5 20. Re4 bxc4
21. Rh4 Qg7 22. Qxg7+ Kxg7 23. Rxd4 Rab8 24. Be4 Rxa2 25. Rxc4 Bb5 26. Rb4 Bxf1
27. Rxb8 Ra1 28. f3 f5 29. Rb1 Rxb1 30. Bxb1 Bc4 31. g4 a5 32. Bc2 Bxd5 33. Kf2
Kf6 34. h4 fxg4 35. fxg4 c5 36. Ke3 g5 37. h5 Be6 38. Kf3 Bd7 39. Bd1 a4 40.
Bc2 a3 41. Bb3 Be6 0-1

[Event "7. LGA Premium Cup"]
[Site "Nürnberg"]
[Date "2010.09.02"]
[Round "1.23"]
[White "Farago, Ivan"]
[Black "Karasek, Christian"]
[Result "1-0"]
[WhiteElo "2420"]
[BlackElo "2063"]
[PlyCount "73"]
[EventDate "2010.??.??"]
[WhiteTeam "SC Rottal"]

1. d4 Nf6 2. c4 e6 3. Nf3 d5 4. Nc3 c6 5. e3 Be7 6. b3 Qa5 7. Bd2 Bb4 8. Qc2
Qc7 9. Bd3 Nbd7 10. O-O Bd6 11. cxd5 exd5 12. Rac1 a6 13. e4 dxe4 14. Nxe4 Bf4
15. Bb4 Nxe4 16. Rfe1 Ndf6 17. Bxe4 Bxc1 18. Bxc6+ Kd8 19. Be7+ Qxe7 20. Rxe7
Kxe7 21. Qc5+ Kd8 22. Qd6+ Nd7 23. Ne5 Ba3 24. Qxa3 Nxe5 25. Qa5+ Ke7 26. Qxe5+
Be6 27. Bxb7 Rab8 28. Qg5+ Kf8 29. Qc5+ Kg8 30. d5 Bd7 31. Qc7 Re8 32. h3 Re1+
33. Kh2 Be8 34. d6 h6 35. d7 Bxd7 36. Qxd7 Re6 37. Bxa6 1-0

[Event "7. LGA Premium Cup"]
[Site "Nürnberg"]
[Date "2010.09.02"]
[Round "1.24"]
[White "Lange, Carsten"]
[Black "Renner, Christoph"]
[Result "0-1"]
[WhiteElo "2062"]
[BlackElo "2420"]
[PlyCount "58"]
[EventDate "2010.??.??"]
[WhiteTeam "SK Zirndorf e.V."]
[BlackTeam "FC Bayern München e.V."]

1. Nf3 d6 2. c4 e5 3. d3 g6 4. g3 Bg7 5. Bg2 Nf6 6. Nc3 O-O 7. O-O h6 8. Rb1
Be6 9. b4 Nbd7 10. Nd2 Rb8 11. Bb2 a6 12. a4 Re8 13. Qc2 c6 14. Nde4 d5 15.
Nxf6+ Nxf6 16. c5 Qd7 17. e3 Bh3 18. Rfe1 Bxg2 19. Kxg2 Nh7 20. Ne2 Ng5 21. Ng1
h5 22. f4 exf4 23. exf4 Ne6 24. Bxg7 Nxg7 25. Nf3 d4 26. Qf2 Nf5 27. Re4 Qd5
28. Ree1 Re3 29. Rbd1 Rbe8 0-1

[Event "7. LGA Premium Cup"]
[Site "Nürnberg"]
[Date "2010.09.02"]
[Round "1.25"]
[White "Gutman, Lev"]
[Black "Henrichs, Wenke"]
[Result "1-0"]
[WhiteElo "2419"]
[BlackElo "2061"]
[PlyCount "41"]
[EventDate "2010.??.??"]
[WhiteTeam "SC Melle 03"]
[BlackTeam "Schachverein Wattenscheid 1930"]

1. Nf3 c5 2. g3 Nc6 3. d4 d5 4. Bg2 Nf6 5. O-O cxd4 6. Nxd4 e5 7. Nxc6 bxc6 8.
c4 Be6 9. Qa4 Qd7 10. Nc3 Rc8 11. cxd5 cxd5 12. Qxd7+ Kxd7 13. Rd1 Kc6 14. Bg5
e4 15. f3 Bc5+ 16. Kh1 exf3 17. exf3 Nd7 18. Rac1 f6 19. Bd2 Kd6 20. Bf4+ Ne5
21. Ne4+ 1-0